Homelessness statistics (Record no. 121053)

MARC details
000 -LEADER
fixed length control field 01049cam a2200217 4500
001 - CONTROL NUMBER
control field W159885
008 - FIXED-LENGTH DATA ELEMENTS--GENERAL INFORMATION
fixed length control field 031114n2018 000 0 eng u
035 ## - SYSTEM CONTROL NUMBER
System control number (Sirsi) u159885
041 ## - LANGUAGE CODE
Language code of text/sound track or separate title eng
050 ## - LIBRARY OF CONGRESS CALL NUMBER
Classification number 306.82
-- 18
110 ## - MAIN ENTRY--CORPORATE NAME
Corporate name or jurisdiction name as entry element Ministry of Housing, Communities and Local Government
9 (RLIN) 6195
245 ## - TITLE STATEMENT
Title Homelessness statistics
Medium [electronic resource]
520 ## - SUMMARY, ETC.
Summary, etc. Contains statistics on statutory homelessness, rough sleeping and homelessness prevention and relief. As of the release of 30 June 2016, statutory homelessness and prevention and relief statistics have been combined into a single statistical release. Contains Live tables on homlessness and Families in bed and breakfast accommodation for more than 6 weeks.
650 ## - SUBJECT ADDED ENTRY--TOPICAL TERM
Topical term or geographic name entry element HOUSING STATISTICS
650 ## - SUBJECT ADDED ENTRY--TOPICAL TERM
Topical term or geographic name entry element HOMELESSNESS
650 ## - SUBJECT ADDED ENTRY--TOPICAL TERM
Topical term or geographic name entry element TEMPORARY ACCOMMODATION
651 #4 - SUBJECT ADDED ENTRY--GEOGRAPHIC NAME
Geographic name ENGLAND AND WALES
690 ## - LOCAL SUBJECT ADDED ENTRY--TOPICAL TERM (OCLC, RLIN)
Topical term or geographic name as entry element Affordable housing
9 (RLIN) 6215
856 40 - ELECTRONIC LOCATION AND ACCESS
Uniform Resource Identifier <a href="https://www.gov.uk/government/collections/homelessness-statistics">https://www.gov.uk/government/collections/homelessness-statistics</a>
Public note View the homelessness statistics at www.gov.uk
942 ## - ADDED ENTRY ELEMENTS (KOHA)
Suppress in OPAC 0
Holdings
Withdrawn status Lost status Source of classification or shelving scheme Damaged status Not for loan Home library Current library Shelving location Date acquired Total Checkouts Full call number Barcode Date last seen Copy number Price effective from Koha item type
    Dewey Decimal Classification     Virtual Virtual Online 21/03/2018   WEB-SITE 159885-2001 06/08/2019 1 06/08/2019 Online material